000 00620cam a22002051 04500
001 44706
090 _a44706
100 _a19900901d1958 m y0pory5003 ba
101 1 _apor
102 _aPT
200 1 _aO cavaleiro da mão de prata
_fHoward Pyle
_gtrad. Maria Isabel Braga, Mário Braga
210 9 _aPorto
_cLivraria Civilizacão,
_d1958
215 _a167, 4p.
_cil.
_d19 cm
304 _aTít. orig. Olto of the silver pand
675 _a820+820(73)
_vmed
_zpor
700 1 _aPyle,
_bHoward,
_f1853-1911
702 1 _aBraga,
_bIsabel,
_f1919-
_4730
702 1 _aBraga,
_bMário,
_f1921-2016
_4730
801 0 _aPT
_bBN
_gRPC
990 _cLIVROS